[Event "DOM-ch"]
[Site "Santo Domingo"]
[Date "2017.05.07"]
[Round "11"]
[White "Pena Perez, Luis Eduardo"]
[Black "Rodriguez Garcia, Eduardo Manuel"]
[Result "1-0"]
[WhiteElo "2034"]
[BlackElo "1915"]
[PlyCount "123"]
[EventDate "2017.04.21"]
[EventType "swiss"]
[EventRounds "11"]
[EventCountry "DOM"]
[SourceTitle "EXT 2018"]
[Source "ChessBase"]
[SourceDate "2017.10.13"]
[SourceVersion "1"]
[SourceVersionDate "2017.10.13"]
[SourceQuality "1"]

1. b3 e5 2. Bb2 Nc6 3. g3 d5 4. Bg2 Nf6 5. d3 Bd6 6. e3 0-0 7. Ne2 Be6 8. Nd2 Qd7 9. h3 Ne7 10. Nf3 Ng6 11. Ng5 h6 12. Nxe6 fxe6 13. 0-0 Rf7 14. c4 c6 15. Nc3 Raf8 16. Qe2 Kh8 17. h4 Ne7 18. e4 d4 19. Nb1 Nh7 20. Nd2 Qe8 21. Bh3 Ng8 22. Qg4 Re7 23. c5 Bxc5 24. Nc4 Nhf6 25. Qe2 Nd7 26. Rac1 Rf6 27. Nxe5 Nxe5 28. Rxc5 Nf3+ 29. Kh1 e5 30. Bf5 Qh5 31. Rg1 g6 32. Bh3 Nxg1 33. Qxh5 gxh5 34. Kxg1 Rd6 35. f4 exf4 36. gxf4 Kg7 37. Rxh5 b6 38. e5 Rd8 39. Bc1 c5 40. Bd2 a5 41. Be1 Ra8 42. Bg3 a4 43. f5 Rea7 44. f6+ Kg6 45. Rf5 axb3 46. h5+ Kf7 47. axb3 Ra1+ 48. Kg2 R8a2+ 49. Bf2 Ra8 50. Rf3 Rb1 51. e6+ Kf8 52. Bh4 Rxb3 53. Bf5 c4 54. Bg6 c3 55. e7+ Nxe7 56. fxe7+ Kg7 57. Bf6+ Kg8 58. Bxd4 c2 59. Rf7 c1Q 60. Rg7+ Kh8 61. Rh7+ Kg8 62. Rh8# 1-0

[Event "DOM-ch"]
[Site "Santo Domingo"]
[Date "2017.05.05"]
[Round "9"]
[White "Pena Perez, Luis Eduardo"]
[Black "Martinez Castillo, Julio Antonio"]
[Result "0-1"]
[WhiteElo "2034"]
[BlackElo "2164"]
[PlyCount "120"]
[EventDate "2017.04.21"]
[EventType "swiss"]
[EventRounds "11"]
[EventCountry "DOM"]
[SourceTitle "CBM 178 Extra"]
[Source "ChessBase"]
[SourceDate "2017.06.22"]
[SourceVersion "1"]
[SourceVersionDate "2017.06.22"]
[SourceQuality "1"]

1. b3 e5 2. Bb2 Nc6 3. g3 d5 4. Bg2 Bc5 5. e3 Nf6 6. d3 0-0 7. Ne2 Qe7 8. a3 a5 9. h3 Be6 10. Nd2 Rad8 11. 0-0 Ne8 12. Re1 Qf6 13. Rf1 Qh6 14. Kh2 Nf6 15. d4 Bd6 16. c4 Ng4+ 17. Kg1 Nxe3 18. fxe3 Qxe3+ 19. Rf2 dxc4 20. Nxc4 Bxc4 21. bxc4 Nxd4 22. Nxd4 exd4 23. Qxd4 Qxd4 24. Bxd4 Bxg3 25. Rd2 Bf4 26. Rad1 Bxd2 27. Rxd2 c6 28. Bc3 Rxd2 29. Bxd2 a4 30. Kf2 Re8 31. Bf3 f5 32. h4 g6 33. h5 Kg7 34. hxg6 hxg6 35. Bg5 Re6 36. c5 Re5 37. Be3 Re8 38. Bg5 Kf7 39. Bd2 Kf6 40. Bc3+ Kg5 41. Bd1 f4 42. Bxa4 Ra8 43. Bd1 Rxa3 44. Be5 Rd3 45. Be2 Rd5 46. Bd6 Kf5 47. Be7 g5 48. Bh5 g4 49. Bh4 Rxc5 50. Be8 Rc2+ 51. Kf1 Rd2 52. Be1 Rd8 53. Bf7 Rh8 54. Kg2 f3+ 55. Kg3 Rh1 56. Bd2 Rh3+ 57. Kf2 Rh2+ 58. Ke1 g3 59. Bb4 f2+ 60. Kf1 Rh1+ 0-1

[Event "DOM-ch"]
[Site "Santo Domingo"]
[Date "2017.04.22"]
[Round "3"]
[White "Pena Perez, Luis Eduardo"]
[Black "Abreu Jean, Carlos Paul"]
[Result "1-0"]
[WhiteElo "2034"]
[BlackElo "2265"]
[PlyCount "111"]
[EventDate "2017.04.21"]
[EventType "swiss"]
[EventRounds "11"]
[EventCountry "DOM"]
[SourceTitle "CBM 178 Extra"]
[Source "ChessBase"]
[SourceDate "2017.06.22"]
[SourceVersion "1"]
[SourceVersionDate "2017.06.22"]
[SourceQuality "1"]

1. b3 d5 2. Bb2 Bg4 3. g3 e6 4. Bg2 Nf6 5. d3 Nbd7 6. Nd2 Bd6 7. Ngf3 0-0 8. 0-0 Qe7 9. a3 c6 10. Re1 e5 11. e4 d4 12. h3 Bxf3 13. Nxf3 c5 14. Nh4 g6 15. Bc1 Ne8 16. a4 Ng7 17. Bd2 b6 18. Re2 a6 19. Qe1 b5 20. f4 f6 21. f5 g5 22. Nf3 c4 23. bxc4 bxc4 24. dxc4 Nb6 25. g4 Bc5 26. Kh1 Nxc4 27. h4 Nxd2 28. Qxd2 h6 29. Bf1 Ne8 30. Rh2 Kg7 31. Bc4 Bb4 32. Qe2 a5 33. Kg2 Nd6 34. Bd5 Rac8 35. Rah1 Rh8 36. hxg5 fxg5 37. Kg3 Qf6 38. Rh5 Rc3 39. Kg2 Nf7 40. Bxf7 Qxf7 41. Qa6 Rxc2+ 42. Kg3 Bd2 43. Rb1 Bb4 44. Nxe5 Rc3+ 45. Nf3 d3 46. Rbh1 d2 47. Rxh6 Rxf3+ 48. Kg2 Rf2+ 49. Kxf2 d1N+ 50. Kf1 Qc4+ 51. Qxc4 Ne3+ 52. Ke2 Nxc4 53. Rg6+ Kf7 54. Rxh8 Ne5 55. Rh7+ Kf8 56. Ra6 1-0

[Event "Santo Domingo Inmortales op"]
[Site "Santo Domingo"]
[Date "2016.11.19"]
[Round "2"]
[White "Pena Perez, Luis Eduardo"]
[Black "Gomez Diaz, Leonardo de Jesus"]
[Result "1-0"]
[WhiteElo "2035"]
[BlackElo "1749"]
[PlyCount "103"]
[EventDate "2016.11.18"]
[EventType "swiss"]
[EventRounds "8"]
[EventCountry "DOM"]
[SourceTitle "EXT 2018"]
[Source "ChessBase"]
[SourceDate "2017.10.13"]
[SourceVersion "1"]
[SourceVersionDate "2017.10.13"]
[SourceQuality "1"]

1. Nf3 c5 2. g3 b6 3. Bg2 Bb7 4. 0-0 Nf6 5. d3 g6 6. e4 d6 7. Nc3 Bg7 8. h3 0-0 9. Bf4 h6 10. Qd2 Kh7 11. g4 Nbd7 12. Rfe1 Rc8 13. Bh2 a6 14. a4 e5 15. Qc1 Qe7 16. Nb1 c4 17. dxc4 Rxc4 18. Nfd2 Rc7 19. Nc3 Rfc8 20. Qd1 Nc5 21. Nd5 Nxd5 22. exd5 Nd7 23. c4 Nc5 24. Ra3 f5 25. b4 Nd7 26. a5 Qf7 27. gxf5 gxf5 28. Bf3 b5 29. cxb5 axb5 30. Nf1 Nf6 31. Ne3 Qd7 32. Kh1 e4 33. Bh5 Rc3 34. Rxc3 Rxc3 35. Rg1 Rd3 36. Bg6+ Kh8 37. Qe2 Rxe3 38. fxe3 Bxd5 39. Qf2 Be6 40. Qf4 Nd5 41. Qxd6 Nxe3 42. Qb8+ Qc8 43. Qxb5 Bc4 44. Rc1 Qe6 45. Qb8+ Qg8 46. Qf4 Qd5 47. Qxe3 Bd4 48. Qxh6+ Kg8 49. Bh7+ Kf7 50. Qg6+ Ke7 51. Qd6+ Kf7 52. Qc7+ 1-0

[Event "DOM-ch"]
[Site "Santo Domingo"]
[Date "2016.04.17"]
[Round "11"]
[White "Pena Perez, Luis Eduardo"]
[Black "Ferreira Fernandez, Sergio"]
[Result "1/2-1/2"]
[WhiteElo "2079"]
[BlackElo "2089"]
[PlyCount "115"]
[EventDate "2016.04.01"]
[EventType "swiss"]
[EventRounds "11"]
[EventCountry "DOM"]
[SourceTitle "CBM 171 Extra"]
[Source "ChessBase"]
[SourceDate "2016.04.26"]
[SourceVersion "1"]
[SourceVersionDate "2016.04.26"]
[SourceQuality "1"]

1. f4 d5 2. e3 c5 3. Nf3 Nf6 4. b3 e6 5. Bb2 Be7 6. Bb5+ Bd7 7. Bd3 Nc6 8. 0-0 a6 9. Ne5 Qc7 10. Nxd7 Qxd7 11. Be2 d4 12. Na3 b5 13. Bf3 Rc8 14. c4 Nb4 15. Qe2 d3 16. Qf2 Rb8 17. Be5 Bd6 18. Qg3 Kf8 19. Bb2 Nc6 20. Rfc1 b4 21. Nb1 Na5 22. e4 Be7 23. e5 Ne8 24. Be4 Rd8 25. Qf3 f5 26. exf6 Bxf6 27. Be5 g6 28. Nc3 bxc3 29. Rxc3 Kg7 30. Rxd3 Qe7 31. Bc3 Bxc3 32. dxc3 Nf6 33. Rad1 Rxd3 34. Rxd3 Rd8 35. Qd1 Rxd3 36. Qxd3 Qd7 37. Qxd7+ Nxd7 38. Kf2 Kf7 39. Ke3 Ke7 40. g4 Nf6 41. Bf3 Kd6 42. Kd3 Nc6 43. Ke3 a5 44. Kd3 e5 45. Ke3 exf4+ 46. Kxf4 Ne5 47. Be2 h6 48. h4 Nfd7 49. a3 Nf8 50. b4 Ne6+ 51. Ke4 axb4 52. cxb4 Nd4 53. bxc5+ Kxc5 54. Kxe5 Nxe2 55. Kf6 Nf4 56. Kg7 h5 57. gxh5 gxh5 58. Kh6 1/2-1/2

[Event "Santo Domingo La Raza op"]
[Site "Santo Domingo"]
[Date "2015.10.21"]
[Round "8"]
[White "Perez Feliz, Jose Enrique"]
[Black "Pena Perez, Luis Eduardo"]
[Result "1-0"]
[WhiteElo "1893"]
[BlackElo "2004"]
[PlyCount "87"]
[EventDate "2015.10.12"]
[EventType "swiss"]
[EventRounds "8"]
[EventCountry "DOM"]
[SourceTitle "CBM 169 Extra"]
[Source "ChessBase"]
[SourceDate "2015.12.18"]
[SourceVersion "1"]
[SourceVersionDate "2015.12.18"]
[SourceQuality "1"]

1. d4 d5 2. e3 c5 3. c3 e6 4. Bd3 Nf6 5. Nd2 cxd4 6. cxd4 Nc6 7. f4 Bd7 8. a3 Qb6 9. Qe2 0-0-0 10. Ngf3 Kb8 11. 0-0 Bd6 12. Ne5 Be8 13. b4 Ng8 14. Nb3 f6 15. Nxc6+ Bxc6 16. b5 Be8 17. Bb2 Rc8 18. a4 Ne7 19. Rfc1 Rxc1+ 20. Rxc1 Bf7 21. a5 Qd8 22. Nc5 Qxa5 23. Ra1 Qc7 24. Rc1 Qd8 25. Qc2 Nc8 26. Ba3 Bc7 27. Bb4 Nd6 28. Qa4 Re8 29. b6 Bxb6 30. Nd7+ Ka8 31. Nxb6+ Qxb6 32. Bc5 Nc8 33. Bxb6 Nxb6 34. Qa5 Kb8 35. Ra1 Nc8 36. Bb5 Re7 37. Rc1 Nb6 38. Qb4 Rc7 39. Qd6 Nc4 40. Bxc4 Kc8 41. Qf8+ Kd7 42. Qxf7+ Kd6 43. Qf8+ Kd7 44. Bb5+ 1-0

[Event "Santo Domingo op U2100 2nd"]
[Site "Santo Domingo"]
[Date "2015.06.27"]
[Round "6"]
[White "Arias Diaz, Ernesto Antonio"]
[Black "Pena Perez, Luis Eduardo"]
[Result "1-0"]
[WhiteElo "1867"]
[BlackElo "2035"]
[PlyCount "133"]
[EventDate "2015.06.19"]
[EventType "swiss"]
[EventRounds "8"]
[EventCountry "DOM"]
[SourceTitle "CBM 167 Extra"]
[Source "ChessBase"]
[SourceDate "2015.09.14"]
[SourceVersion "1"]
[SourceVersionDate "2015.09.14"]
[SourceQuality "1"]

1. c4 e6 2. d4 d5 3. Nc3 Bb4 4. Nf3 c5 5. e3 Nf6 6. Bd2 0-0 7. Qc2 Nc6 8. a3 cxd4 9. axb4 Nxb4 10. Qb3 dxc3 11. Bxc3 Nc6 12. Bd3 Qe7 13. 0-0 dxc4 14. Bxc4 Ne4 15. Be1 Rd8 16. Qc2 Ng5 17. Nd2 e5 18. h4 Ne6 19. f3 Qc5 20. Bf2 b5 21. b4 Nxb4 22. Qe4 Bd7 23. Bxe6 Bxe6 24. Rfc1 Qd6 25. Rd1 f5 26. Qb1 a5 27. e4 f4 28. Qb2 Nd3 29. Qxb5 Nxf2 30. Kxf2 Qd4+ 31. Kf1 Rdb8 32. Qc6 Re8 33. Rxa5 Rac8 34. Qa4 Qe3 35. Rxe5 Bf7 36. Rxe8+ Rxe8 37. Nc4 Bxc4+ 38. Qxc4+ Kh8 39. Qe6 Ra8 40. Qd5 Rg8 41. e5 h6 42. Re1 Qa3 43. e6 Qe7 44. Qh5 Rf8 45. Qg4 Rf6 46. h5 Kh7 47. Re4 Kg8 48. Qh4 Kh7 49. Qe1 Kg8 50. Qe2 Kh8 51. Qc4 Kg8 52. Qc8+ Rf8 53. Qd7 Re8 54. Qxe7 Rxe7 55. Ke2 g6 56. Kd3 gxh5 57. Kd4 Kf8 58. Rxf4+ Ke8 59. Ke5 Rg7 60. Rh4 Rxg2 61. Rxh5 Re2+ 62. Kf5 Rf2 63. f4 Ke7 64. Rxh6 Rf1 65. Rh7+ Ke8 66. Ke5 Re1+ 67. Kf6 1-0

[Event "DOM-ch"]
[Site "Santo Domingo"]
[Date "2015.05.17"]
[Round "11"]
[White "De Los Santos Nunez, Eddy"]
[Black "Pena Perez, Luis Eduardo"]
[Result "0-1"]
[WhiteElo "2103"]
[BlackElo "2047"]
[PlyCount "172"]
[EventDate "2015.05.01"]
[EventType "swiss"]
[EventRounds "11"]
[EventCountry "DOM"]
[SourceTitle "CBM 166 Extra"]
[Source "ChessBase"]
[SourceDate "2015.06.18"]
[SourceVersion "1"]
[SourceVersionDate "2015.06.18"]
[SourceQuality "1"]

1. e4 e6 2. d4 c5 3. Nf3 d5 4. exd5 exd5 5. c4 cxd4 6. Qxd4 Nf6 7. cxd5 Qxd5 8. Nc3 Qxd4 9. Nxd4 a6 10. Be2 Bc5 11. Nb3 Ba7 12. Bf3 0-0 13. 0-0 Nbd7 14. Bf4 Bb8 15. Bxb8 Rxb8 16. Rfe1 Re8 17. Rxe8+ Nxe8 18. Re1 Ndf6 19. h3 Kf8 20. Na4 b6 21. Bc6 Be6 22. g4 Bd5 23. Nd4 Bxc6 24. Nxc6 Rc8 25. Ne5 h6 26. Nxb6 Rc2 27. Nec4 Nc7 28. a4 Ne6 29. b4 Nf4 30. Re3 Rc1+ 31. Kh2 Rb1 32. Kg3 g5 33. h4 Rxb4 34. hxg5 hxg5 35. Re5 Ne6 36. Rf5 Ne4+ 37. Kh2 Kg7 38. Kg2 f6 39. f4 Nc3 40. a5 Rb5 41. Nd6 Rb2+ 42. Kf1 Nd4 43. Rc5 Nce2 44. Rc7+ Kg6 45. Ne4 Nxf4 46. Nc8 Nf3 47. Ne7+ Kf7 48. Nd6+ Ke6 49. Ndf5 Nh2+ 50. Ke1 Nd3+ 51. Kd1 Nxg4 52. Rc6+ Ke5 53. Rc2 Ngf2+ 54. Kd2 Rxc2+ 55. Kxc2 Ke6 56. Kd2 Ne5 57. Ke3 Nfd3 58. Ke4 Nc5+ 59. Kd4 Nb3+ 60. Ke4 Nxa5 61. Nc8 Nac4 62. Nd4+ Kd7 63. Na7 Kc7 64. Kd5 Kd7 65. Nac6 Nb6+ 66. Kc5 Nxc6 67. Nxc6 Nc8 68. Nb8+ Ke6 69. Nxa6 g4 70. Kd4 Kf5 71. Ke3 Nb6 72. Nc5 Nd5+ 73. Kf2 Kg5 74. Kg3 f5 75. Ne6+ Kh5 76. Ng7+ Kg6 77. Ne6 Kf6 78. Nf8 Ke5 79. Ng6+ Ke4 80. Nh4 Nf6 81. Ng2 Nh5+ 82. Kh4 Kf3 83. Ne1+ Ke2 84. Nc2 g3 85. Kh3 Kf2 86. Nd4 Nf4+ 0-1

[Event "DOM-ch"]
[Site "Santo Domingo"]
[Date "2015.05.10"]
[Round "8"]
[White "Medina Guzman, Braulio Silvestre"]
[Black "Pena Perez, Luis Eduardo"]
[Result "0-1"]
[WhiteElo "1932"]
[BlackElo "2047"]
[PlyCount "110"]
[EventDate "2015.05.01"]
[EventType "swiss"]
[EventRounds "11"]
[EventCountry "DOM"]
[SourceTitle "CBM 166 Extra"]
[Source "ChessBase"]
[SourceDate "2015.06.18"]
[SourceVersion "1"]
[SourceVersionDate "2015.06.18"]
[SourceQuality "1"]

1. e4 e6 2. d4 d5 3. e5 c5 4. c3 Nc6 5. Nf3 Qb6 6. Bd3 cxd4 7. cxd4 Bd7 8. Bc2 Nb4 9. Nc3 Nxc2+ 10. Qxc2 Qa6 11. a3 Rc8 12. Qd1 Ne7 13. Ne2 Bb5 14. Nc3 Bd3 15. Bd2 Nf5 16. g4 Ne7 17. b4 h5 18. g5 g6 19. Qb3 Bc4 20. Qb2 Nf5 21. b5 Qb6 22. Ne2 Qxb5 23. Qxb5+ Bxb5 24. Ng3 Bd3 25. Nxf5 Bxf5 26. Ke2 Be7 27. Bb4 Rc2+ 28. Nd2 Bxg5 29. Rhc1 Rxc1 30. Rxc1 Kd7 31. Bd6 Rc8 32. Rxc8 Kxc8 33. Nb3 b6 34. Kd1 Bf4 35. h4 Bg4+ 36. Ke1 g5 37. Be7 gxh4 38. Bxh4 Kd7 39. a4 Kc6 40. Be7 a5 41. Bh4 Bf5 42. Kd1 Bb1 43. Bd8 Ba2 44. Na1 Bc4 45. Kc2 Bh6 46. Bf6 Bf8 47. Kb2 Kd7 48. Bg5 Be7 49. Bf4 h4 50. Nc2 h3 51. Ne3 Kc6 52. Ng4 b5 53. Nh6 bxa4 54. Nxf7 a3+ 55. Ka1 Bb4 0-1

[Event "DOM-ch"]
[Site "Santo Domingo"]
[Date "2015.05.09"]
[Round "6"]
[White "Brito Rondon, Enmanuel De Jesus"]
[Black "Pena Perez, Luis Eduardo"]
[Result "0-1"]
[WhiteElo "1962"]
[BlackElo "2047"]
[PlyCount "102"]
[EventDate "2015.05.01"]
[EventType "swiss"]
[EventRounds "11"]
[EventCountry "DOM"]
[SourceTitle "CBM 166 Extra"]
[Source "ChessBase"]
[SourceDate "2015.06.18"]
[SourceVersion "1"]
[SourceVersionDate "2015.06.18"]
[SourceQuality "1"]

1. c4 e6 2. Nc3 d5 3. cxd5 exd5 4. Nf3 d4 5. Qa4+ Nc6 6. Nb5 Bc5 7. b4 Bb6 8. Bb2 Bd7 9. Qc2 Nxb4 10. Qe4+ Qe7 11. Qxe7+ Nxe7 12. Nbxd4 Nec6 13. Kd1 Nxd4 14. Nxd4 0-0 15. e3 c5 16. Nb5 Rfd8 17. a3 Nd5 18. Bc4 Bc6 19. Ke2 a6 20. Nc3 Nf6 21. f3 Ba5 22. a4 b5 23. Bd3 c4 24. Bb1 b4 25. Ne4 Nxe4 26. fxe4 c3 27. dxc3 bxc3 28. Bc1 Bb4 29. Rf1 a5 30. Rf4 Bb7 31. Ba2 Rd7 32. g4 Re8 33. Bb1 Rde7 34. Kf3 f6 35. h4 Rd7 36. Bc2 h6 37. h5 Re5 38. Rf5 Rxf5+ 39. gxf5 Kf8 40. Bb3 Bc6 41. Ba3 Rd2 42. Bc1 Rh2 43. Bd5 Bxd5 44. exd5 Rxh5 45. e4 Rh1 46. Ke3 h5 47. Kd4 h4 48. Ke3 Ke7 49. Kf3 Kd7 50. Kg4 c2 51. Kf3 Bd2 0-1